Some aspects of poverty in Sri Lanka: 1985-90 (Record no. 269806)

000 -LEADER
fixed length control field 00476cam a22001457a 4500
008 - FIXED-LENGTH DATA ELEMENTS--GENERAL INFORMATION
fixed length control field 180718b1997 xxu||||| |||| 00| 0 eng d
082 ## - DEWEY DECIMAL CLASSIFICATION NUMBER
Classification number Q31x548 D262
100 ## - MAIN ENTRY--PERSONAL NAME
Personal name Datt, Gaurav
245 ## - TITLE STATEMENT
Title Some aspects of poverty in Sri Lanka: 1985-90
Statement of responsibility, etc. by Gaurav Datt and Dileni Gunewardena
260 ## - PUBLICATION, DISTRIBUTION, ETC.
Place of publication, distribution, etc. Washington, D.C.
Name of publisher, distributor, etc. The World Bank
Date of publication, distribution, etc. 1997
300 ## - PHYSICAL DESCRIPTION
Extent 61p.
440 ## - SERIES STATEMENT/ADDED ENTRY--TITLE
Title Policy research working paper 1738
650 ## - SUBJECT ADDED ENTRY--TOPICAL TERM
Topical term or geographic name entry element Poverty - Sri Lanka, 1985-90
700 ## - ADDED ENTRY--PERSONAL NAME
Personal name Gunewardena, Dileni
Holdings
Withdrawn status Lost status Damaged status Not for loan Permanent Location Current Location Date acquired Full call number Barcode Date last seen Price effective from Koha item type
        Indian Institute of Public Administration Indian Institute of Public Administration 1997-07-21 Q31x548 D262 WB7420 2018-07-20 2018-07-20 WB

Powered by Koha